000 00690nam a2200253Ia 4500
003 OSt
005 20221005073148.0
006 a|||||r|||| 00| 0
007 ta
008 221004b |||||||| |||| 00| 0 eng d
020 _a8185063818 (pbk)
024 _a103063
037 _cTextual
040 _aCRL
_cCRL
_beng
041 _2eng
_aeng
082 _aQ7xN25, N4
100 _aKhan Maulana Wahiduddin
_926820
245 0 _aIndian muslims
_b Need for a positive outlook
260 _aNew Delhi
_bGoodword Books India
_c1994
300 _a192p.
_ccm.
650 _aRELIGION
942 _hQ7xN25, N4
_cTEXL
_2cc
999 _c980671
_d980671